Escritos / (Registro nro. 11115)

Detalles MARC
000 -LEADER
fixed length control field 01192nam a2200325 4500
001 - CONTROL NUMBER
control field 0000016739
003 - CONTROL NUMBER IDENTIFIER
control field CO-CtgCURN
005 - DATE AND TIME OF LATEST TRANSACTION
control field 20250515193749.0
007 - PHYSICAL DESCRIPTION FIXED FIELD--GENERAL INFORMATION
fixed length control field ta
008 - FIXED-LENGTH DATA ELEMENTS--GENERAL INFORMATION
fixed length control field 160627s1993 000 0 eng d
020 ## - INTERNATIONAL STANDARD BOOK NUMBER
International Standard Book Number 8488386044
020 ## - INTERNATIONAL STANDARD BOOK NUMBER
International Standard Book Number 8488386011
040 ## - CATALOGING SOURCE
Original cataloging agency CO-CtgCURN
Language of cataloging spa
Transcribing agency coctgcurn
082 0# - DEWEY DECIMAL CLASSIFICATION NUMBER
Classification number 720.94
Item number L863e
100 1# - MAIN ENTRY--PERSONAL NAME
Personal name Loos, Adolf.
245 10 - TITLE STATEMENT
Title Escritos /
Statement of responsibility, etc. Adolf Loos.
260 ## - PUBLICATION, DISTRIBUTION, ETC.
Place of publication, distribution, etc. Madrid :
Name of publisher, distributor, etc. El croquis,
Date of publication, distribution, etc. 1993.
300 ## - PHYSICAL DESCRIPTION
Extent 2 V.
336 ## - CONTENT TYPE
Source rdacontent
337 ## - MEDIA TYPE
Source rdamedia
Media type term sin mediacion
Media type code n
338 ## - CARRIER TYPE
Source rdacarrier
Carrier type term volumen
Carrier type code nc
490 1# - SERIES STATEMENT
Series statement Biblioteca de Arquitectura
505 8# - FORMATTED CONTENTS NOTE
Formatted contents note V 1.--El museo austriaco.--El caso scala.--La moda de caballero.--Los sombreros de caballero.--De la escuela wagner.--Muebles.--Cristal y arcilla.--V 2.--Cronología.--LLamada a los bieneses.--Mi primera casa
650 14 - SUBJECT ADDED ENTRY--TOPICAL TERM
Topical term or geographic name entry element Arquitectura
Form subdivision Ensayos, conferencias, etc.
908 ## - PUT COMMAND PARAMETER (RLIN)
Put command parameter 160627
942 ## - ADDED ENTRY ELEMENTS (KOHA)
Koha item type Libros
Classification part 720.94
Item part L863e
Source of classification or shelving scheme Dewey Decimal Classification
Suppress in OPAC No
Existencias
Withdrawn status Lost status Source of classification or shelving scheme Damaged status Not for loan Collection Home library Current library Shelving location Date acquired Inventory number Total checkouts Full call number Barcode Date last seen Copy number Price effective from Koha item type Public note
    Dewey Decimal Classification     General Miguel Henríquez Castañeda Miguel Henríquez Castañeda General 03/29/2025 005336   720.94 L863e 005336 03/29/2025 v.1 ej.1 03/29/2025 Libros 720-ARQPAI
    Dewey Decimal Classification     General Miguel Henríquez Castañeda Miguel Henríquez Castañeda General 03/29/2025 005497   720.94 L863e 005497 03/29/2025 v.1 ej.2 03/29/2025 Libros 720-ARQPAI
    Dewey Decimal Classification     General Miguel Henríquez Castañeda Miguel Henríquez Castañeda General 03/29/2025 011917   720.94 L863e 011917 03/29/2025 v.2 ej.1 03/29/2025 Libros 720-ARQPAI
    Dewey Decimal Classification     General Miguel Henríquez Castañeda Miguel Henríquez Castañeda General 03/29/2025 011918   720.94 L863e 011918 03/29/2025 v.2 ej.2 03/29/2025 Libros 720-ARQPAI